000 00510nam a22001817a 4500
010 _aENG-120327
020 _a97893586050298
_c299.00
035 _aEN-103859
037 _bDBAD/PUB
082 _a881
100 _aBond, Ruskin
245 _aA little book of serenity /
_cby Ruskin Bond
260 _aNew Delhi
_bSpeaking Tiger Publishing
_c2016
270 _a4381/4 Ansari Road, Daryaganj
_bDelhi
_e110002
300 _a160p.
_c17cm(Hb).
505 _a
942 _2ddc
_cEN
_h881
_mBON
999 _c144095
_d144095